01018 a2200205 450000100060000010000150000624500330002126000320005409000170008694200210010399900190012495200820014395200840022595200840030995200840039395200830047795200840056095200840064495200840072827801 aSelby, S M aStandard Mathematical Tables abThe Chamical Rubber Co.c c18592d18592 aNUST-CAEcc9549 c262874d262874 001040708NFICaCAEbCAEd2017-04-03l0pCAE235r2017-04-05w2017-04-05yBK 001040708NFICaCAEbCAEd2017-04-03l0pCAE23544r2017-04-05w2017-04-05yBK 001040708NFICaCAEbCAEd2017-04-03l0pCAE23542r2017-04-05w2017-04-05yBK 001040708NFICaCAEbCAEd2017-04-03l0pCAE23541r2017-04-05w2017-04-05yBK 001040708NFICaCAEbCAEd2017-04-03l0pCAE2354r2017-04-05w2017-04-05yBK 001040708NFICaCAEbCAEd2017-04-03l0pCAE23539r2017-04-05w2017-04-05yBK 001040708NFICaCAEbCAEd2017-04-03l0pCAE23538r2017-04-05w2017-04-05yBK 001040708NFICaCAEbCAEd2017-04-03l0pCAE23537r2017-04-05w2017-04-05yBK